[Event "Kremnica op"]
[Site "Kremnica"]
[Date "2024.08.15"]
[Round "1"]
[White "Drabek, Matej"]
[Black "Carnecky, Viliam"]
[Result "0-1"]
[WhiteElo "1550"]
[BlackElo "1805"]
[PlyCount "73"]
[EventDate "2024.08.15"]
[EventType "swiss"]
[EventRounds "7"]
[EventCountry "SVK"]
[SourceTitle "CBM 221 Extra"]
[Source "ChessBase"]
[SourceDate "2024.09.30"]
[SourceVersion "1"]
[SourceVersionDate "2024.09.30"]
[SourceQuality "1"]

1. e4 c5 2. Nf3 g6 3. Bc4 Bg7 4. 0-0 Nc6 5. d3 Nf6 6. Nc3 0-0 7. Be3 d6 8. Qd2 Ng4 9. h3 Nxe3 10. Qxe3 Nd4 11. Rac1 Rb8 12. Nb5 Nxb5 13. Bxb5 a6 14. Bc4 b5 15. Bb3 Bxb2 16. Rb1 Bg7 17. Rfd1 Bd7 18. a3 Qa5 19. Qd2 Qxa3 20. Rbc1 a5 21. Qg5 a4 22. Qxe7 axb3 23. Qxd7 Bb2 24. Rb1 bxc2 25. Rf1 cxb1Q 26. Rxb1 Rfd8 27. Qe7 Qa2 28. Re1 Qe6 29. Qh4 Bf6 30. Qh6 b4 31. Ng5 Bxg5 32. Qxg5 b3 33. Qd2 Rb4 34. d4 Rxd4 35. Qa5 Rb8 36. f3 b2 37. Qa7 0-1

[Event "SVK-ch U14"]
[Site "Tatralandia"]
[Date "2024.04.06"]
[Round "2"]
[White "Dalak, Teodor"]
[Black "Drabek, Matej"]
[Result "0-1"]
[WhiteElo "1050"]
[BlackElo "1558"]
[PlyCount "94"]
[EventDate "2024.04.05"]
[EventType "swiss"]
[EventRounds "9"]
[EventCountry "SVK"]
[SourceTitle "CBM 219 Extra"]
[Source "ChessBase"]
[SourceDate "2024.05.31"]
[SourceVersion "1"]
[SourceVersionDate "2024.05.31"]
[SourceQuality "1"]

1. d4 d5 2. Bf4 c6 3. e3 Nf6 4. c3 Qb6 5. Qb3 Bf5 6. Nd2 Nbd7 7. Ngf3 e6 8. g3 c5 9. Bg2 c4 10. Qxb6 axb6 11. 0-0 b5 12. a3 Nb6 13. Ne5 Na4 14. Ra2 Be7 15. Re1 Nh5 16. e4 Nxf4 17. gxf4 dxe4 18. Nxe4 Nb6 19. Nc5 Bxc5 20. dxc5 Nd5 21. Bxd5 exd5 22. Ng6+ Kd7 23. Re7+ Kd8 24. Rxb7 Bxg6 25. Rxb5 Kc7 26. a4 Rhb8 27. Rxb8 Kxb8 28. a5 Kb7 29. f3 Bc2 30. Kf2 Kc6 31. a6 Kxc5 32. Ke3 Kb6 33. Kd4 Rxa6 34. Rxa6+ Kxa6 35. Kxd5 Bd3 36. Kd6 Be2 37. Ke7 f5 38. Kf7 g6 39. Kg7 Bxf3 40. Kxh7 Bh5 41. Kg7 Ka5 42. Kf6 Ka4 43. Ke5 Kb3 44. Kd4 Be2 45. h4 Kxb2 46. Ke5 Kxc3 47. Kf6 Bh5 0-1

[Event "SVK-ch U12"]
[Site "Dudince"]
[Date "2023.04.19"]
[Round "5"]
[White "Drabek, Matej"]
[Black "Viglas, Matej"]
[Result "1-0"]
[WhiteElo "1272"]
[BlackElo "1124"]
[PlyCount "53"]
[EventDate "2023.04.16"]
[EventType "swiss"]
[EventRounds "9"]
[EventCountry "SVK"]
[SourceTitle "CBM 213 Extra"]
[Source "ChessBase"]
[SourceDate "2023.05.31"]
[SourceVersion "1"]
[SourceVersionDate "2023.05.31"]
[SourceQuality "1"]

1. e4 e6 2. d4 d5 3. e5 c5 4. Nf3 Nc6 5. Bf4 cxd4 6. Nxd4 Bc5 7. Nf3 Nge7 8. Be2 Qb6 9. 0-0 Qxb2 10. Nbd2 Nd4 11. Nxd4 Bxd4 12. Rb1 Qxa2 13. Nf3 Bb6 14. Be3 Bxe3 15. fxe3 Qa5 16. Ng5 Nf5 17. Qd3 h6 18. Qb5+ Qxb5 19. Bxb5+ Ke7 20. e4 dxe4 21. Nxe4 b6 22. Nd6 g6 23. Rbd1 Rf8 24. Nxc8+ Raxc8 25. Rd7+ Ke8 26. Rxa7+ Kd8 27. Rd1+ 1-0

[Event "SVK-ch U12"]
[Site "Dudince"]
[Date "2023.04.17"]
[Round "3"]
[White "Drabek, Matej"]
[Black "Prochazka, Michal"]
[Result "0-1"]
[WhiteElo "1272"]
[BlackElo "1367"]
[PlyCount "79"]
[EventDate "2023.04.16"]
[EventType "swiss"]
[EventRounds "9"]
[EventCountry "SVK"]
[SourceTitle "CBM 213 Extra"]
[Source "ChessBase"]
[SourceDate "2023.05.31"]
[SourceVersion "1"]
[SourceVersionDate "2023.05.31"]
[SourceQuality "1"]

1. e4 e6 2. Nf3 d5 3. Nc3 Nf6 4. d3 dxe4 5. dxe4 Qxd1+ 6. Nxd1 Nxe4 7. Bd3 Nf6 8. 0-0 Bc5 9. Nc3 0-0 10. Bf4 Bb6 11. Nb5 Nd5 12. Bg3 a6 13. Nc3 Nc6 14. Rfe1 Nxc3 15. bxc3 Ba5 16. Re4 Bxc3 17. Rb1 Ne7 18. Bxc7 b5 19. Bd6 Bf6 20. Rf4 Rd8 21. Bc7 Rd7 22. Be4 Nd5 23. Bxd5 Rxd5 24. Bb6 Bb7 25. h3 Bd8 26. Bd4 Bc7 27. Rg4 e5 28. Be3 Rad8 29. Bh6 Rd1+ 30. Rxd1 Rxd1+ 31. Kh2 e4+ 32. g3 g6 33. Ng5 f5 34. Rh4 e3 35. f3 Rd2+ 36. Kg1 Rd1+ 37. Kg2 e2 38. Ne4 e1Q 39. Nf6+ Kf7 40. Be3 0-1

[Event "SVK-ch U12"]
[Site "Stara Lubovna"]
[Date "2022.05.27"]
[Round "8"]
[White "Drabek, Matej"]
[Black "Dolnik, Michal"]
[Result "0-1"]
[WhiteElo "1000"]
[BlackElo "1548"]
[PlyCount "55"]
[EventDate "2022.05.21"]
[EventType "swiss"]
[EventRounds "9"]
[EventCountry "SVK"]
[SourceTitle "CBM 208 Extra"]
[Source "ChessBase"]
[SourceDate "2022.07.31"]
[SourceVersion "1"]
[SourceVersionDate "2022.07.31"]
[SourceQuality "1"]

1. e4 e5 2. Nf3 Nc6 3. Bc4 Bc5 4. 0-0 Nf6 5. Nc3 0-0 6. d3 h6 7. Be3 Bb6 8. d4 exd4 9. Bxd4 Nxd4 10. Nxd4 Nxe4 11. Nxe4 d5 12. Bb3 dxe4 13. c3 Qg5 14. g3 c5 15. Nb5 Bg4 16. Qd5 Qxd5 17. Bxd5 Be2 18. Rfe1 Bxb5 19. Bxb7 Rad8 20. Bxe4 Rd2 21. Rab1 c4 22. Rf1 Re8 23. Bf3 Bd7 24. Rbd1 Rxd1 25. Rxd1 Bh3 26. Bd5 Re2 27. Bxc4 Rxf2 28. Bd3 0-1